000
00288nam a2200121Ia 4500
008
221030s9999 xx 000 0 und d
041
_a
English
100
_a
R C Gonzalez
245
0
_a
Digital Image Processing Using MATLAB
_c
by R C Gonzalez
260
_c
0
650
_a
Mc
942
_c
BK
999
_c
14633
_d
14633